European Countries in World Cups - Statistics

General Stats
  • This quiz has been taken 137 times
  • The average score is 31 of 33
Answer Stats
Number of Appearances Answer % Correct
16 England
99%
16 France
98%
20 Germany / West Germany
98%
18 Italy
98%
11 Russia / Soviet Union
98%
16 Spain
98%
12 Sweden
98%
8 Portugal
97%
3 Norway
96%
9 Poland
96%
12 Switzerland
96%
6 Croatia
95%
3 Greece
95%
11 Netherlands
95%
3 Republic of Ireland
95%
1 Slovakia
95%
2 Slovenia
95%
7 Austria
94%
14 Belgium
94%
9 Czech Republic / Czechoslovakia
94%
9 Hungary
94%
7 Romania
94%
13 Serbia / Yugoslavia / Serbia and Montenegro
94%
7 Bulgaria
92%
6 Denmark
92%
8 Scotland
92%
1 Ukraine
91%
2 Wales
91%
1 Iceland
87%
1 Bosnia and Herzegovina
86%
2 Turkey
85%
3 Northern Ireland
83%
1 East Germany
46%
No matching quizzes found
Score Distribution
Percent of People with Each Score
Percentile by Number Answered
Your Score History
You have not taken this quiz